000
00336nam a2200133Ia 4500
008
191201s2019 xx 000 0 und d
082
_a
368.7 RAE
100
_a
RASTOGI, Sameer
245
0
_a
Environmental education & disaster management
260
_b
Ramnarain Pub
_a
Agra
_c
2019
300
_a
136
650
_a
Biology
942
_2
ddc
_c
BK
999
_c
8320
_d
8320